| 000 | 00673cab a22002295a 4500 | ||
|---|---|---|---|
| 001 | L150651 | ||
| 008 | 100809e2010 xxk 000 0 eng d | ||
| 035 | _a(Sirsi) u150651 | ||
| 041 | 0 | _aeng | |
| 050 | _a658.404 $2 18 | ||
| 100 | 1 | _aSomerville, James | |
| 245 | 0 | 4 |
_aThe role of the project manager _ball things to all people? _h[electronic resource] |
| 260 | _c2010 | ||
| 490 |
_aStructural Survey _v28(2) 2010, 132-141(10) |
||
| 520 | _aExamines the current roles of a construction project manager. | ||
| 590 | _aKA | ||
| 651 | 4 | _aUnited Kingdom | |
| 690 |
_aProject management _96261 |
||
| 700 | 1 | _aCraig, Nigel | |
| 700 | 1 | _aHendry, Julie | |
| 942 |
_n0 _2ddc |
||
| 999 |
_c82589 _d82589 |
||